El Ejercicio del poder de los jueces /

El juez tiene tres tipos de roles: el empleado público, autoridad y un letrado de las leyes. Ello dificulta cualquier actividad científica en las labores jurídicas, e imposibilita que pueda llamársele como ciencia

Guardado en:
書目詳細資料
主要作者: González Solano, Gustavo
格式: Texto
主題:
標簽: 添加標簽
沒有標簽, 成為第一個標記此記錄!

MARC

LEADER 00000 a a2200000 04500
001 14467
003
040
100 |a González Solano, Gustavo  
245 |a El Ejercicio del poder de los jueces /  |c Gustavo González Solano 
500 |a Resumen también en Inglés  
520 |a El juez tiene tres tipos de roles: el empleado público, autoridad y un letrado de las leyes. Ello dificulta cualquier actividad científica en las labores jurídicas, e imposibilita que pueda llamársele como ciencia  
650 |a CIENCIAS JURIDICAS  
650 |a JURISPRUDENCIA  
650 |a SISTEMA JUDICIAL  
650 |a JUECES  
650 |a FUNCION PUBLICA  
773 |g número 101 -102 (III -IV; páginas 149-159  
999 |c 38154  |d 38154 
773 0 |0 18728  |9 3036  |a Universidad de Costa Rica  |d San José, Costa Rica Editorial UCR 1956-  |o 17129  |t Revista de Ciencias Sociales/  |x 04825276